000 01199nam a2200301Ia 4500
001 5797
003 IT-RoPAU
008 130308s9999 xx 000 0 und d
040 _aIT-RoPAU
040 _cIT-RoPAU
041 _aITALIANO
100 _aRoatta Giovanni
100 _gCodice Aut. SPICS: 1995
245 _aFamiglia Paolina sul cammino di una parola di Dio (La)
245 _bFamiglia Paolina Sul Cammino di una Parola di Dio (La)
250 _a1a ed.
260 _aARICCIA
260 _bCentro Spiritualita' Paolina
260 _c1973 [1° Ed.:1973 - Ed.Ling.Originale:1973]
300 _a"128 p. (prefazione: no ; testo: 128)"
500 _aCristo via Verità e Vita Contenuto Vocazionale della Famiglia Paolina Inserimento di Don Alberione in Giovanni 14,6 una Famiglia Religiosa a Disposizione di Cristo maestro via Verità e Vita Ricerca di un Metodo Sviluppo integrale della Persona Umana Rapporto tra maestro e Il Trinomio via Verità e Vita Maria ci Diede tutto Il Cristo Spirito Paolino Spiritualità Paolina
650 _aAUTORI/OPERE FAMIGLIA PAOLINA
650 _eCodice materia Spics: 9903
942 _cBK
957 _71
999 _c76288
_d76288
999 _bSI
999 _g1